[Event "Campeonato de Andalucia Juvenil"]
[Site "Hotel Bellavista, Paseo Centra"]
[Date "2011.04.16"]
[Round "1"]
[White "Perez Tores, Juan Miguel"]
[Black "Fernandez Garcia, Jose Miguel"]
[Result "0-1"]
[WhiteElo "1734"]
[BlackElo "2280"]
[PlyCount "42"]
[EventDate "2011.04.16"]
[EventRounds "8"]
[EventCountry "ESP"]

1. e4 c5 2. Nf3 e6 3. d4 cxd4 4. Nxd4 a6 5. Nc3 b5 6. Be3 Bb7 7. f3 Nf6 8. Qd2
Nc6 9. O-O-O Rc8 10. Kb1 Ne5 11. g4 h6 12. g5 hxg5 13. Bxg5 Bb4 14. f4 Bxc3 15.
bxc3 Nxe4 16. Bxd8 Nxd2+ 17. Rxd2 Bxh1 18. fxe5 Kxd8 19. Rf2 Ke7 20. Kb2 Rh5
21. Re2 Rc5 0-1

[Event "Campeonato de Andalucia Juvenil"]
[Site "Hotel Bellavista, Paseo Centra"]
[Date "2011.04.16"]
[Round "1"]
[White "Ladron De Guevara Pinto, Paolo"]
[Black "Vico Moreno, Antonio"]
[Result "1-0"]
[WhiteElo "2280"]
[BlackElo "1729"]
[PlyCount "67"]
[EventDate "2011.04.16"]
[EventRounds "8"]
[EventCountry "ESP"]

1. e4 e6 2. Nf3 d5 3. Nc3 Nf6 4. e5 Nfd7 5. d4 c5 6. dxc5 Bxc5 7. Bd3 h6 8. Qe2
Nc6 9. O-O O-O 10. Bf4 f6 11. exf6 Nxf6 12. Ne5 Nd4 13. Qd2 Nd7 14. Ng6 Rf7 15.
Rae1 Qf6 16. Na4 Nf5 17. Ne5 Nxe5 18. Bxe5 Qe7 19. Nxc5 Qxc5 20. b4 Qb6 21. c4
Bd7 22. c5 Qd8 23. b5 Rc8 24. Rc1 Be8 25. a4 Ra8 26. c6 bxc6 27. bxc6 a5 28. c7
Qc8 29. Rb1 Rxc7 30. Bxc7 Qxc7 31. Bxf5 Kf7 32. Rfc1 Qe5 33. Bh3 Bxa4 34. Re1
1-0

[Event "Campeonato de Andalucia Juvenil"]
[Site "Hotel Bellavista, Paseo Centra"]
[Date "2011.04.16"]
[Round "1"]
[White "Mercado Larrea, Adrian"]
[Black "Rioboo De Larriva, Alvaro"]
[Result "0-1"]
[WhiteElo "1714"]
[BlackElo "2210"]
[PlyCount "38"]
[EventDate "2011.04.16"]
[EventRounds "8"]
[EventCountry "ESP"]

1. e4 e6 2. d4 d5 3. e5 c5 4. c3 Nc6 5. Nf3 Bd7 6. a3 Nge7 7. b4 cxb4 8. cxb4
Qb6 9. Be3 Nf5 10. Nc3 Nxe3 11. fxe3 Nxb4 12. axb4 Bxb4 13. Qd3 Rc8 14. Rc1 Qa5
15. Kf2 Rxc3 16. Rxc3 Bxc3 17. Be2 Bb4 18. Ng5 h6 19. Nf3 O-O 0-1

[Event "Campeonato de Andalucia Juvenil"]
[Site "Hotel Bellavista, Paseo Centra"]
[Date "2011.04.16"]
[Round "1"]
[White "Moral Garcia, Serafin"]
[Black "De Dios Dorado, Ana"]
[Result "1-0"]
[WhiteElo "2169"]
[BlackElo "1711"]
[PlyCount "59"]
[EventDate "2011.04.16"]
[EventRounds "8"]
[EventCountry "ESP"]

1. e4 e5 2. Nf3 Nc6 3. Bb5 a6 4. Bxc6 dxc6 5. O-O f6 6. d4 exd4 7. Nxd4 c5 8.
Ne2 Qxd1 9. Rxd1 Bd7 10. Nbc3 Bd6 11. Bf4 Bxf4 12. Nxf4 O-O-O 13. Rd2 Ne7 14.
Rad1 Nc6 15. f3 Rhe8 16. Kf2 b6 17. g4 Ne5 18. b3 Nc6 19. Ncd5 Be6 20. h4 Bd7
21. Nh5 Rg8 22. Ndf4 a5 23. Rg1 Ne5 24. g5 f5 25. Rd5 Rde8 26. exf5 Bxf5 27.
Re1 Nxf3 28. Rxe8+ Rxe8 29. Rxf5 Nxh4 30. Rf7 1-0

[Event "Campeonato de Andalucia Juvenil"]
[Site "Hotel Bellavista, Paseo Centra"]
[Date "2011.04.16"]
[Round "1"]
[White "Wang Qiu, Jorge"]
[Black "Anaya Lopez, Victor Jose"]
[Result "0-1"]
[WhiteElo "1680"]
[BlackElo "2151"]
[PlyCount "120"]
[EventDate "2011.04.16"]
[EventRounds "8"]
[EventCountry "ESP"]

1. e4 c5 2. d3 Nc6 3. g3 g6 4. Bg2 Bg7 5. c3 d6 6. Ne2 Nf6 7. O-O O-O 8. f4 Bg4
9. Nd2 Rb8 10. Nf3 Nd7 11. Qc2 b5 12. Bd2 Qb6 13. Kh1 b4 14. Rab1 Rb7 15. b3
bxc3 16. Bxc3 Bxf3 17. Bxf3 Bxc3 18. Qxc3 Rc7 19. Bg2 Nd4 20. Nxd4 cxd4 21. Qd2
Rc3 22. f5 Qb5 23. Rbd1 Qe5 24. fxg6 hxg6 25. Qf4 Kg7 26. Rf2 Nf6 27. Qxe5 dxe5
28. h3 Rfc8 29. Rfd2 Nd7 30. Kg1 Nc5 31. Kf2 a5 32. Bf1 Na6 33. Rb1 Nb4 34. a3
Nc2 35. a4 Kf6 36. Rb2 Nb4 37. Be2 e6 38. Kf3 Ke7 39. Kg4 Rc1 40. Kf3 R8c3 41.
Kf2 f5 42. Kf3 Kd6 43. h4 Rg1 44. Kf2 Rcc1 45. exf5 exf5 46. Bf3 Rgf1+ 47. Kg2
Rfe1 48. Be2 Rc3 49. Kf2 Rec1 50. Kg2 Nd5 51. Kf2 Ne3 52. b4 axb4 53. Rxb4 Nd5
54. Rb8 R3c2 55. Rxc2 Rxc2 56. Ke1 Nc3 57. Bf3 e4 58. dxe4 fxe4 59. Bg4 e3 60.
a5 Rc1+ 0-1

[Event "Campeonato de Andalucia Juvenil"]
[Site "Hotel Bellavista, Paseo Centra"]
[Date "2011.04.16"]
[Round "1"]
[White "Perera Borrego, Mariela"]
[Black "Juan Delgado, Adrian"]
[Result "1-0"]
[WhiteElo "2069"]
[BlackElo "1665"]
[PlyCount "57"]
[EventDate "2011.04.16"]
[EventRounds "8"]
[EventCountry "ESP"]

1. d4 d5 2. Nf3 Nf6 3. c4 c6 4. Qb3 e6 5. Nc3 Bd6 6. Bg5 Nbd7 7. e3 O-O 8. Bd3
h6 9. Bh4 Qc7 10. Rc1 Qb8 11. O-O b6 12. e4 dxe4 13. Nxe4 Nxe4 14. Bxe4 Bb7 15.
Rfd1 f5 16. Bb1 g5 17. c5 Bxh2+ 18. Nxh2 gxh4 19. Qxe6+ Rf7 20. Bxf5 Qf4 21.
Ng4 Kf8 22. Qxh6+ Qxh6 23. Nxh6 Rf6 24. Bxd7 Rxh6 25. Rc3 Rd8 26. Bf5 Rh5 27.
Rf3 Kg7 28. b4 Rd5 29. Be6 1-0

[Event "Campeonato de Andalucia Juvenil"]
[Site "Hotel Bellavista, Paseo Centra"]
[Date "2011.04.16"]
[Round "1"]
[White "Moncada Rios, Maria"]
[Black "Puertas Martin, Savins"]
[Result "1/2-1/2"]
[WhiteElo "1665"]
[BlackElo "2063"]
[PlyCount "62"]
[EventDate "2011.04.16"]
[EventRounds "8"]
[EventCountry "ESP"]

1. e4 e5 2. Nf3 Nc6 3. d4 exd4 4. Bc4 d6 5. Nxd4 Ne5 6. Bb3 Nf6 7. Nc3 a6 8. f4
Bg4 9. Qd2 c5 10. fxe5 cxd4 11. Qxd4 dxe5 12. Qxe5+ Be7 13. O-O O-O 14. Be3 Qd6
15. Qg5 h6 16. Qh4 Be6 17. Rad1 Qc6 18. Bxe6 Qxe6 19. Qg3 Kh8 20. Bd4 Rg8 21.
e5 Nd7 22. Qf3 Nxe5 23. Bxe5 Qxe5 24. Qxf7 Rgf8 25. Qc4 Rxf1+ 26. Rxf1 Qe3+ 27.
Kh1 Rf8 28. Nd5 Qe6 29. Rxf8+ Bxf8 30. g3 g5 31. Qd3 Bg7 1/2-1/2

[Event "Campeonato de Andalucia Juvenil"]
[Site "Hotel Bellavista, Paseo Centra"]
[Date "2011.04.16"]
[Round "1"]
[White "Gutierrez Valero, Mario"]
[Black "Leon Acosta, Miguel"]
[Result "1/2-1/2"]
[WhiteElo "2055"]
[BlackElo "1660"]
[PlyCount "70"]
[EventDate "2011.04.16"]
[EventRounds "8"]
[EventCountry "ESP"]

1. d4 b6 2. e4 Bb7 3. Bd3 Nc6 4. c3 e5 5. d5 Nce7 6. Ne2 Ng6 7. O-O Nf6 8. Ng3
Be7 9. Nf5 O-O 10. Be3 d6 11. c4 Bc8 12. Nc3 h6 13. h3 Kh7 14. Qd2 Ng8 15. b4
Bg5 16. Bxg5 hxg5 17. g3 f6 18. a4 a5 19. bxa5 Rxa5 20. Kg2 N6e7 21. Rfc1 g6
22. Nxe7 Qxe7 23. g4 Bd7 24. f3 Nh6 25. Be2 Rfa8 26. Qc2 Nf7 27. Nb5 Be8 28.
Rh1 Kg7 29. Bd3 Bxb5 30. cxb5 Nd8 31. h4 Nb7 32. hxg5 fxg5 33. Rh3 Rh8 34. Rxh8
Kxh8 35. Rh1+ Kg8 1/2-1/2

[Event "Campeonato de Andalucia Juvenil"]
[Site "Hotel Bellavista, Paseo Centra"]
[Date "2011.04.16"]
[Round "1"]
[White "Gonzalez Capacete, Jose Miguel"]
[Black "Salido Polo, Veronica"]
[Result "1-0"]
[WhiteElo "1658"]
[BlackElo "2019"]
[PlyCount "59"]
[EventDate "2011.04.16"]
[EventRounds "8"]
[EventCountry "ESP"]

1. e4 c5 2. Nc3 Nc6 3. Nge2 Nf6 4. g3 d6 5. Bg2 g6 6. O-O Bg7 7. d3 O-O 8. h3
Rb8 9. Be3 b5 10. Qd2 b4 11. Nd1 Na5 12. f4 Bb7 13. f5 c4 14. Bh6 cxd3 15. cxd3
b3 16. Bxg7 Kxg7 17. Kh1 Rc8 18. Ne3 Qb6 19. a3 Ba6 20. fxg6 fxg6 21. Nf4 Kg8
22. Nfd5 Qd8 23. Nf4 Rf7 24. Ne6 Qb6 25. Ng5 Rg7 26. Ne6 Nh5 27. Qf2 Nf6 28.
Nxg7 Bxd3 29. Ne6 Bxf1 30. Rxf1 1-0

[Event "Campeonato de Andalucia Juvenil"]
[Site "Hotel Bellavista, Paseo Centra"]
[Date "2011.04.16"]
[Round "1"]
[White "Nieto Asencio, Maria Del Carmen"]
[Black "Anillo Fernandez, Isabel"]
[Result "1-0"]
[WhiteElo "2011"]
[BlackElo "1597"]
[PlyCount "62"]
[EventDate "2011.04.16"]
[EventRounds "8"]
[EventCountry "ESP"]

1. d4 f5 2. Bf4 d6 3. e3 Nf6 4. Bc4 g6 5. h4 d5 6. Bd3 h5 7. Nf3 Nc6 8. Bb5 Rg8
9. Bxc6+ bxc6 10. Ne5 Bd7 11. c4 Ng4 12. Qc2 Nxe5 13. Bxe5 e6 14. c5 Bg7 15.
Bf4 Qb8 16. Nd2 Bc8 17. O-O Kf7 18. Nf3 Bf6 19. Qa4 Bd7 20. Be5 Qb7 21. Bxf6
Kxf6 22. Ne5 Be8 23. Qc2 g5 24. hxg5+ Rxg5 25. f4 Rg3 26. Kf2 Rg7 27. Rh1 Rg8
28. g3 Qc8 29. Kf1 Qd8 30. Qf2 Rg4 31. Nxg4+ fxg4 1-0

[Event "Campeonato de Andalucia Juvenil"]
[Site "Hotel Bellavista, Paseo Centra"]
[Date "2011.04.16"]
[Round "1"]
[White "Cribilles Perez, Carlos"]
[Black "Anaya Lopez, Gonzalo Javier"]
[Result "0-1"]
[WhiteElo "1593"]
[BlackElo "1988"]
[PlyCount "43"]
[EventDate "2011.04.16"]
[EventRounds "8"]
[EventCountry "ESP"]

1. c4 e5 2. Nc3 Nc6 3. g3 g6 4. Bg2 Bg7 5. e4 d6 6. Nge2 Be6 7. Nd5 Qd7 8. d3
Nd8 9. f4 c6 10. Ne3 Ne7 11. O-O O-O 12. Rb1 f5 13. b3 Nf7 14. Bb2 Rad8 15. Qc2
d5 16. fxe5 dxe4 17. dxe4 Nxe5 18. Rf4 Qc7 19. Nd4 Bc8 20. exf5 Nxf5 21. Nexf5
gxf5 22. Nf3 0-1

[Event "Campeonato de Andalucia Juvenil"]
[Site "Hotel Bellavista, Paseo Centra"]
[Date "2011.04.16"]
[Round "1"]
[White "Valhondo Morales, Ruben"]
[Black "Gallardo Obregon, Alexandra"]
[Result "1-0"]
[WhiteElo "1963"]
[BlackElo "1568"]
[PlyCount "35"]
[EventDate "2011.04.16"]
[EventRounds "8"]
[EventCountry "ESP"]

1. d4 Nf6 2. c4 g6 3. Nc3 Bg7 4. e4 d6 5. Be2 O-O 6. g4 e5 7. d5 a5 8. g5 Nfd7
9. h4 f6 10. Qd3 Na6 11. a3 Ndc5 12. Qg3 Nb3 13. Rb1 Nd4 14. h5 f5 15. Qh4 Kf7
16. Nf3 Nxe2 17. Kxe2 fxe4 18. Nxe4 1-0

[Event "Campeonato de Andalucia Juvenil"]
[Site "Hotel Bellavista, Paseo Centra"]
[Date "2011.04.16"]
[Round "1"]
[White "Martin Lozano, Guillermo"]
[Black "Garcia De Lomas Guerrero, Carlo"]
[Result "0-1"]
[WhiteElo "1526"]
[BlackElo "1951"]
[PlyCount "82"]
[EventDate "2011.04.16"]
[EventRounds "8"]
[EventCountry "ESP"]

1. e4 e6 2. d4 d5 3. exd5 exd5 4. Bd3 Bd6 5. Nf3 Ne7 6. O-O Bg4 7. h3 Bh5 8.
Bg5 f6 9. Bh4 Nbc6 10. c3 Qd7 11. Nbd2 O-O-O 12. Qc2 g5 13. Bg3 Bg6 14. Nh2
Bxd3 15. Qxd3 h5 16. Rae1 g4 17. h4 f5 18. Bxd6 Qxd6 19. f4 Qf6 20. g3 Ng6 21.
Rf2 Nxh4 22. gxh4 g3 23. Rg2 gxh2+ 24. Rxh2 Rhg8+ 25. Rg2 Rxg2+ 26. Kxg2 Rg8+
27. Kf3 Qxh4 28. Qxf5+ Kb8 29. Qg6 Qh3+ 30. Kf2 Qh2+ 31. Kf3 Rf8 32. Re2 Qh3+
33. Qg3 Qf5 34. Nb3 b6 35. a3 Rf6 36. Nd2 Rg6 37. Qh4 Rg4 38. Qh2 h4 39. Nf1
Qh5 40. Kf2 h3 41. Ne3 Qh4+ 0-1

[Event "Campeonato de Andalucia Juvenil"]
[Site "Hotel Bellavista, Paseo Centra"]
[Date "2011.04.16"]
[Round "1"]
[White "Romero Lopez, Cristina"]
[Black "Montes Maldonado, Javier"]
[Result "1-0"]
[WhiteElo "1907"]
[BlackElo "1472"]
[PlyCount "92"]
[EventDate "2011.04.16"]
[EventRounds "8"]
[EventCountry "ESP"]

1. e4 c6 2. c4 d5 3. cxd5 cxd5 4. exd5 Qxd5 5. Nc3 Qa5 6. d4 Nf6 7. Bd2 Qb6 8.
Nf3 e6 9. Qc2 Nc6 10. Be2 Be7 11. O-O O-O 12. Be3 Ng4 13. Rad1 Nxe3 14. fxe3 h6
15. Kh1 Qd8 16. a3 Bd6 17. e4 Ne7 18. e5 Bb8 19. Qe4 a6 20. Bd3 g6 21. Qh4 Nf5
22. Qh3 Kg7 23. Rfe1 b5 24. Be4 Ra7 25. g4 Ne7 26. Ng1 Bb7 27. Bxb7 Rxb7 28.
Qf3 Rd7 29. Nge2 Nd5 30. Ne4 f5 31. Nc5 Re7 32. Rg1 fxg4 33. Qxg4 Qe8 34. Rd3
Kh7 35. Rdg3 Rg8 36. Qe4 Ba7 37. Nd3 Reg7 38. Nef4 Nxf4 39. Nxf4 Qf7 40. h4 Qf5
41. Qxf5 gxf5 42. Rxg7+ Rxg7 43. Rxg7+ Kxg7 44. Nxe6+ Kf7 45. Nd8+ Ke8 46. Nc6
Bb6 1-0

[Event "Campeonato de Andalucia Juvenil"]
[Site "Hotel Bellavista, Paseo Centra"]
[Date "2011.04.17"]
[Round "2"]
[White "Fernandez Garcia, Jose Miguel"]
[Black "Orantes Taboada, Manuel"]
[Result "1-0"]
[WhiteElo "2280"]
[BlackElo "1854"]
[PlyCount "37"]
[EventDate "2011.04.16"]
[EventRounds "8"]
[EventCountry "ESP"]

1. e4 d6 2. d4 Nf6 3. Nc3 g6 4. Be2 Bg7 5. h4 h5 6. Nh3 O-O 7. Ng5 e5 8. dxe5
dxe5 9. Qxd8 Rxd8 10. Bc4 Rf8 11. Be3 Nbd7 12. Nb5 Ne8 13. O-O-O a6 14. Nc3 Nd6
15. Bb3 Nf6 16. Bc5 Nfe8 17. Nd5 b6 18. Bxd6 Nxd6 19. Nxc7 1-0

[Event "Campeonato de Andalucia Juvenil"]
[Site "Hotel Bellavista, Paseo Centra"]
[Date "2011.04.17"]
[Round "2"]
[White "Valero Gutierrez, Alvaro"]
[Black "Ladron De Guevara Pinto, Paolo"]
[Result "0-1"]
[WhiteElo "1902"]
[BlackElo "2280"]
[PlyCount "120"]
[EventDate "2011.04.16"]
[EventRounds "8"]
[EventCountry "ESP"]

1. e4 e6 2. d3 d5 3. Nd2 c5 4. Ngf3 Nf6 5. g3 g6 6. Bg2 Bg7 7. O-O Nc6 8. Re1
O-O 9. c3 Kh8 10. Qe2 a5 11. h4 a4 12. Nf1 b5 13. Bg5 Qb6 14. Qd2 a3 15. Bxf6
Bxf6 16. e5 Bg7 17. b3 f6 18. exf6 Bxf6 19. Rac1 Ra7 20. Ne3 b4 21. cxb4 Nxb4
22. Nd1 Ba6 23. Bf1 d4 24. Ne5 Qd6 25. Nc4 Bxc4 26. Rxc4 Nc6 27. Bg2 Ne5 28.
Rc2 Qa6 29. Be4 Nd7 30. Qe2 Bd8 31. Bg2 e5 32. f3 g5 33. h5 Qh6 34. g4 Ba5 35.
Rf1 Qd6 36. Nf2 Rc7 37. Ne4 Qe7 38. Qd1 Bb4 39. Qc1 h6 40. Ng3 Nb6 41. Nf5 Qe6
42. Re2 Qf6 43. Rff2 Nd5 44. Qc4 Nf4 45. Rc2 Rb8 46. Bf1 Be1 47. Rfe2 Rb4 48.
Rxe1 Rxc4 49. Rxc4 Nxh5 50. Re2 Ng7 51. Nxh6 Qxf3 52. Rh2 Ne6 53. Nf5+ Rh7 54.
Be2 Qf4 55. Rf2 Rh1+ 56. Kxh1 Qxf2 57. Ra4 Qe1+ 58. Kh2 Qxe2+ 59. Kh1 Qf3+ 60.
Kh2 Nf4 0-1

[Event "Campeonato de Andalucia Juvenil"]
[Site "Hotel Bellavista, Paseo Centra"]
[Date "2011.04.17"]
[Round "2"]
[White "Rioboo De Larriva, Alvaro"]
[Black "Espejo Parrales, Erik"]
[Result "1-0"]
[WhiteElo "2210"]
[BlackElo "1823"]
[PlyCount "49"]
[EventDate "2011.04.16"]
[EventRounds "8"]
[EventCountry "ESP"]

1. e4 d6 2. Nc3 Nf6 3. Bc4 g6 4. d3 Bg7 5. f4 e6 6. Nf3 Nc6 7. a3 O-O 8. O-O
Ne7 9. Qe1 d5 10. Bb3 c5 11. e5 Ne8 12. Ne2 Nc6 13. c3 Qb6 14. Bc2 c4+ 15. d4
f5 16. exf6 Nxf6 17. Qh4 Qc7 18. Ng5 Bh8 19. Bd2 Qg7 20. Rae1 Bd7 21. Nf3 Ne7
22. g4 Rfd8 23. Ne5 Bc8 24. f5 gxf5 25. Bh6 1-0

[Event "Campeonato de Andalucia Juvenil"]
[Site "Hotel Bellavista, Paseo Centra"]
[Date "2011.04.17"]
[Round "2"]
[White "Santos Ruiz, Miguel"]
[Black "Moral Garcia, Serafin"]
[Result "0-1"]
[WhiteElo "1858"]
[BlackElo "2169"]
[PlyCount "82"]
[EventDate "2011.04.16"]
[EventRounds "8"]
[EventCountry "ESP"]

1. e4 e5 2. Nf3 Nc6 3. Bb5 a6 4. Ba4 Nf6 5. d3 d6 6. c3 g6 7. O-O Bg7 8. Re1
O-O 9. Bxc6 bxc6 10. d4 Nd7 11. dxe5 Nxe5 12. Nxe5 Bxe5 13. Bh6 Qh4 14. f4 Bxf4
15. Bxf4 Qxf4 16. Qd2 Qxd2 17. Nxd2 Re8 18. Kf2 c5 19. b4 cxb4 20. cxb4 a5 21.
b5 a4 22. Rec1 Ra7 23. Rc3 Be6 24. a3 Rb8 25. Rb1 Kg7 26. Ke3 Bd7 27. b6 cxb6
28. Rd3 Be6 29. Rxd6 Rc7 30. Rb4 b5 31. Nf3 Rc2 32. Rd2 Rc3+ 33. Rd3 Rc1 34.
Kd2 Ra1 35. Rc3 Rd8+ 36. Rd4 Rxd4+ 37. Nxd4 Ra2+ 38. Rc2 Rxa3 39. Nxb5 Ra1 40.
Rc1 Rxc1 41. Kxc1 Kf6 0-1

[Event "Campeonato de Andalucia Juvenil"]
[Site "Hotel Bellavista, Paseo Centra"]
[Date "2011.04.17"]
[Round "2"]
[White "Anaya Lopez, Victor Jose"]
[Black "Ucles Lirola, Moises"]
[Result "1-0"]
[WhiteElo "2151"]
[BlackElo "1793"]
[PlyCount "89"]
[EventDate "2011.04.16"]
[EventRounds "8"]
[EventCountry "ESP"]

1. e4 Nf6 2. e5 Nd5 3. d4 d6 4. Bc4 dxe5 5. dxe5 e6 6. Nf3 Be7 7. O-O O-O 8.
Nbd2 Nb6 9. Bb3 Bd7 10. Qe2 Bc6 11. Ne4 N8d7 12. Rd1 Bxe4 13. Qxe4 c6 14. c3
Qc7 15. Bc2 g6 16. h4 Nc5 17. Qg4 h5 18. Qg3 Kg7 19. Bg5 Bxg5 20. Nxg5 Qe7 21.
Rd4 Nd5 22. Re1 Rad8 23. Red1 Rd7 24. b4 Na6 25. a3 c5 26. R4d2 cxb4 27. axb4
Rc7 28. Ne4 Rfc8 29. b5 Nb8 30. Nd6 Rf8 31. c4 Nb6 32. Bd3 N8d7 33. Ra1 Nc8 34.
Be2 Nc5 35. Rad1 Nb6 36. Rd4 Rd7 37. Bxh5 Rh8 38. Be2 Rh6 39. h5 Qd8 40. Rf4
Qh8 41. Qg5 Kf8 42. Nxf7 Rxf7 43. Rd8+ Kg7 44. Rxh8 Rxh8 45. Qxg6+ 1-0

[Event "Campeonato de Andalucia Juvenil"]
[Site "Hotel Bellavista, Paseo Centra"]
[Date "2011.04.17"]
[Round "2"]
[White "Perez Guerra, Alberto"]
[Black "Perera Borrego, Mariela"]
[Result "1-0"]
[WhiteElo "1827"]
[BlackElo "2069"]
[PlyCount "63"]
[EventDate "2011.04.16"]
[EventRounds "8"]
[EventCountry "ESP"]

1. e4 d6 2. d4 Nf6 3. f3 c5 4. d5 e6 5. c4 Be7 6. Nc3 O-O 7. Nge2 Na6 8. Ng3
Nc7 9. Be2 Rb8 10. Rb1 h5 11. O-O h4 12. Nh1 exd5 13. cxd5 b5 14. b4 cxb4 15.
Rxb4 a5 16. Rb1 Ba6 17. a3 Nd7 18. Be3 Bf6 19. Na2 Re8 20. Nf2 Ne5 21. Re1 g6
22. Qd2 Na8 23. a4 Nc4 24. Bxc4 bxc4 25. Ng4 Bg7 26. Bg5 Qc7 27. Nf6+ Kh8 28.
Qf4 Qc5+ 29. Kh1 Qf2 30. g3 Bxf6 31. Qxf6+ Kg8 32. Bh6 1-0

[Event "Campeonato de Andalucia Juvenil"]
[Site "Hotel Bellavista, Paseo Centra"]
[Date "2011.04.17"]
[Round "2"]
[White "Rivas Perez, Jorge"]
[Black "Nieto Asencio, Maria Del Carmen"]
[Result "0-1"]
[WhiteElo "1782"]
[BlackElo "2011"]
[PlyCount "124"]
[EventDate "2011.04.16"]
[EventRounds "8"]
[EventCountry "ESP"]

1. e4 c5 2. Nf3 g6 3. d4 cxd4 4. Nxd4 Bg7 5. Nc3 Nc6 6. Be3 Nf6 7. Qd2 Ng4 8.
Nxc6 bxc6 9. Bd4 O-O 10. Bxg7 Kxg7 11. f3 Ne5 12. f4 Ng4 13. Qd4+ Kg8 14. Be2
d6 15. Bxg4 Bxg4 16. f5 gxf5 17. h3 e5 18. Qd2 Qh4+ 19. Qf2 Qxf2+ 20. Kxf2 Bh5
21. exf5 f6 22. g4 Be8 23. Ne4 d5 24. Nc5 Rb8 25. b3 Rf7 26. a4 Kf8 27. Rhe1
Ke7 28. Rad1 Kd6 29. Ne4+ Kc7 30. Nc5 Kb6 31. b4 d4 32. g5 Bd7 33. Nxd7+ Rxd7
34. gxf6 Rd5 35. Re4 Kc7 36. Rg1 Kd6 37. Rg7 a5 38. f7 Rf8 39. Rh4 axb4 40.
Rhxh7 e4 41. Rg6+ Kd7 42. f6 Ke6 43. Rg8 Rxf7 44. Re8+ Kxf6 45. Rxf7+ Kxf7 46.
Rxe4 c5 47. Ke2 c4 48. Kd2 Kf6 49. Re8 Rh5 50. Re4 Rxh3 51. Rxd4 Rc3 52. Rd6+
Ke5 53. Rb6 Kd4 54. Rxb4 Rh3 55. Rb8 Rh2+ 56. Kd1 Kc3 57. a5 Rh1+ 58. Ke2 Kxc2
59. a6 Ra1 60. Rb6 c3 61. Rc6 Ra3 62. a7 Rxa7 0-1

[Event "Campeonato de Andalucia Juvenil"]
[Site "Hotel Bellavista, Paseo Centra"]
[Date "2011.04.17"]
[Round "2"]
[White "Anaya Lopez, Gonzalo Javier"]
[Black "Conejo Sanchez, Rafael"]
[Result "1-0"]
[WhiteElo "1988"]
[BlackElo "1744"]
[PlyCount "49"]
[EventDate "2011.04.16"]
[EventRounds "8"]
[EventCountry "ESP"]

1. e4 c5 2. Nc3 e6 3. d3 d5 4. Bd2 Nf6 5. g3 Nc6 6. Bg2 Be7 7. Nf3 O-O 8. O-O
d4 9. Ne2 e5 10. h3 b5 11. Nh2 c4 12. f4 Nd7 13. fxe5 Ndxe5 14. Nf4 Rb8 15. Nf3
f5 16. Nxe5 Nxe5 17. Nd5 fxe4 18. Bxe4 Rxf1+ 19. Qxf1 Bb7 20. Qf5 Bxd5 21.
Qxh7+ Kf7 22. Qh5+ Ke6 23. Qf5+ Kd6 24. Bb4+ Kc7 25. Qxe5+ 1-0

[Event "Campeonato de Andalucia Juvenil"]
[Site "Hotel Bellavista, Paseo Centra"]
[Date "2011.04.17"]
[Round "2"]
[White "Garcia De Lomas Guerrero, Carlo"]
[Black "Gonzalez Capacete, Jose Miguel"]
[Result "0-1"]
[WhiteElo "1951"]
[BlackElo "1658"]
[PlyCount "40"]
[EventDate "2011.04.16"]
[EventRounds "8"]
[EventCountry "ESP"]

1. e4 e6 2. Nf3 d5 3. Nc3 Nf6 4. e5 Nfd7 5. d4 c5 6. dxc5 Nc6 7. Bf4 Be7 8. h4
Nxc5 9. Bd3 Bd7 10. a3 Rc8 11. b4 Nxd3+ 12. Qxd3 f6 13. Rb1 fxe5 14. Nxe5 Nxe5
15. Bxe5 Bf6 16. Bd4 e5 17. Bxa7 e4 18. Nxe4 dxe4 19. Qxe4+ Qe7 20. Qxe7+ Bxe7
0-1

[Event "Campeonato de Andalucia Juvenil"]
[Site "Hotel Bellavista, Paseo Centra"]
[Date "2011.04.17"]
[Round "2"]
[White "Leon Acosta, Miguel"]
[Black "Suarez Martin, Ignacio"]
[Result "1-0"]
[WhiteElo "1660"]
[BlackElo "1758"]
[PlyCount "40"]
[EventDate "2011.04.16"]
[EventRounds "8"]
[EventCountry "ESP"]

1. Nf3 f5 2. e4 fxe4 3. Ng5 Nf6 4. d3 h6 5. Nxe4 g6 6. Nxf6+ exf6 7. d4 d5 8.
Bd3 Kf7 9. O-O c6 10. f4 f5 11. Nd2 Bd6 12. Nf3 Kg7 13. Ne5 h5 14. Rf3 Bxe5 15.
fxe5 Be6 16. Be3 Nd7 17. Qd2 c5 18. dxc5 Kf7 19. Bd4 Rf8 20. b4 Kg7 1-0

[Event "Campeonato de Andalucia Juvenil"]
[Site "Hotel Bellavista, Paseo Centra"]
[Date "2011.04.17"]
[Round "2"]
[White "Salido Polo, Veronica"]
[Black "Martin Lozano, Guillermo"]
[Result "1/2-1/2"]
[WhiteElo "2019"]
[BlackElo "1526"]
[PlyCount "48"]
[EventDate "2011.04.16"]
[EventRounds "8"]
[EventCountry "ESP"]

1. e4 c6 2. d4 d5 3. Nc3 dxe4 4. Nxe4 Bf5 5. Ng3 Bg6 6. h4 h6 7. Nf3 Nd7 8. h5
Bh7 9. Bd3 Bxd3 10. Qxd3 Ngf6 11. Bd2 e6 12. O-O-O Qc7 13. Kb1 O-O-O 14. Ne4
Nxe4 15. Qxe4 Nf6 16. Qh4 Nd5 17. c4 Nf6 18. Bf4 Bd6 19. Ne5 c5 20. dxc5 Bxe5
21. Be3 Rxd1+ 22. Rxd1 Rd8 23. Rxd8+ Qxd8 24. Kc2 Qd7 1/2-1/2

[Event "Campeonato de Andalucia Juvenil"]
[Site "Hotel Bellavista, Paseo Centra"]
[Date "2011.04.17"]
[Round "2"]
[White "Montes Maldonado, Javier"]
[Black "Garcia Del Campo, Efren"]
[Result "0-1"]
[WhiteElo "1472"]
[BlackElo "1885"]
[PlyCount "51"]
[EventDate "2011.04.16"]
[EventRounds "8"]
[EventCountry "ESP"]

1. c4 e6 2. Nf3 Nf6 3. g3 Be7 4. Bg2 O-O 5. O-O d5 6. cxd5 exd5 7. d4 c6 8. Nc3
Nbd7 9. a3 Nb6 10. b4 a6 11. Nd2 Bf5 12. Nb3 Nc4 13. Nc5 b5 14. Bf4 Qc8 15. Bg5
Bxc5 16. dxc5 Qe6 17. Qd4 Nd7 18. e4 dxe4 19. Nxe4 f6 20. Bf4 Nde5 21. Rad1 Bg4
22. f3 Bxf3 23. Bxe5 fxe5 24. Qd7 Qxd7 25. Rxd7 Bxg2 26. Kxg2 0-1

[Event "Campeonato de Andalucia Juvenil"]
[Site "Hotel Bellavista, Paseo Centra"]
[Date "2011.04.17"]
[Round "2"]
[White "Vico Moreno, Antonio"]
[Black "Cabrera Valverde, Cristina"]
[Result "1-0"]
[WhiteElo "1729"]
[BlackElo "1457"]
[PlyCount "47"]
[EventDate "2011.04.16"]
[EventRounds "8"]
[EventCountry "ESP"]

1. d4 Nf6 2. c4 g6 3. Nc3 Bg7 4. Nf3 O-O 5. e4 d6 6. Be2 e5 7. O-O Nbd7 8. Bg5
c6 9. Qd2 Qb6 10. dxe5 dxe5 11. Rad1 Re8 12. Rfe1 Nc5 13. Qc2 Ne6 14. Be3 Qc7
15. h3 Bd7 16. a3 Rad8 17. b4 c5 18. Nd5 Nxd5 19. exd5 Nd4 20. Bxd4 cxd4 21.
Bf1 Rc8 22. c5 Bf5 23. Qb3 Qe7 24. Nxe5 1-0